| 000 | 00780nam a2200241 i 4500 | ||
|---|---|---|---|
| 001 | bgj | ||
| 100 | 1 | _aGENESEE, Fred | |
| 245 | 1 | 0 |
_aClassroom-based Evaluation in Second Language Education / _cFred Genesee, John A. Upshur. |
| 260 |
_aCambridge : _bCambridge University Press, _c1996. |
||
| 300 |
_aXIII, 268 pp : _bill. ; _c23 cm. |
||
| 490 | 1 | _aCambridge Language Education | |
| 505 | _aIncludes index and bibliographical references. | ||
| 650 | 9 |
_aLanguage and languages _xAbility Testing |
|
| 650 | 9 |
_aLanguage and languages _xExaminations |
|
| 700 | 1 | _aUPSHUR, John A. | |
| 830 | _aCambridge Language Education | ||
| 020 | _a0521566819 | ||
| 040 | _cBPK | ||
| 041 | 0 | _aeng | |
| 920 | _a0-521-56681-9 | ||
| 942 | _cKS | ||
| 008 | s uk f |000 0 eng | ||
| 999 |
_c48160 _d48160 |
||
| 856 |
_uhttp://koha.tu.koszalin.pl/cgi-bin/koha/opac-detail.pl?biblionumber=48160 _yKatalog online BPK |
||